HS1 Songs - Statistics

General Stats
  • This quiz has been taken 82 times
  • The average score is 10 of 12
Answer Stats
HS Song % Correct
HS Meet Me In The Hallway
95%
HS Kiwi
92%
HS Sign of the Times
92%
HS From the Dining Table
89%
HS Woman
89%
HS Carolina
86%
HS Only Angel
86%
HS Two Ghosts
86%
HS Ever Since New York
84%
HS Sweet Creature
83%
(Excluded track) Medicine
68%
(Excluded track) Oh Anna
63%
No matching quizzes found
Score Distribution
Percent of People with Each Score
Percentile by Number Answered
Your Score History
You have not taken this quiz